LEADER 00935nam a2200205 i 4500 001 000000134282 003 CaOOAMICUS 005 20171009000000.0 008 171009s1819 it u000 u ita u 013 $a107423 026 $ai-la O.LE u-m- defi (3) 1819 (R) 040 $aSeMil$bita 245 10$aVol. 1. 300 $aXIV, [2], 248 p. 490 0 $aBiblioteca storica di tutte le nazioni 773 0 $aMüller, Johannes : von <1752-1809>$tStoria universale divisa in ventiquattro libri. Opera postuma di Giovanni De Muller recata in italiano dal professore Gaetano Barbieri. Volume 1. [-6.].$dMilano : Per Nicolò Bettoni, 1819-1820.$kBiblioteca storica di tutte le nazioni$g1$w()14047 830 0$aBiblioteca storica di tutte le nazioni.$0(OLS)http://semarc/title/41888 850 $aSeMil 852 $aSeMil$W1$xVenegono$y1$m3V II 45 FA$j88043$B88043$CSeMilBibl$Z2$F92217 $8I 996 $6245$aVol. 1$9(OLS)http://semarc/title/13429 LEADER 00800nam a2200229 i 4500 001 000000231144 003 CaOOAMICUS 005 20140711000000.0 008 140711s1923 it u000 u ita u 013 $a210047 040 $aSeMil$bita 245 10$a2. 300 $a286 p. 490 0 $aCollezione Pietro Marietti ;$v492 500 $aFondo card. Giovanni Colombo. 773 0 $aGratry, Alphonse <1805-1872>$tCommentario sul Vangelo secondo S. Matteo.$dTorino ; Roma : Marietti, 1923.$w()30133 830 0$aCollezione Pietro Marietti ;$v492.$0(OLS)http://semarc/title/6569 850 $aSeMil 852 $aSeMil$W1$xVenegono$y1$m3GC II 88 =$j181490$B181490$CSeMilBibl$Z2$F192310 $8B 941 1 $a3 961 $aLascito: Colombo Card. Giovanni 996 $6245$a2$9(OLS)http://semarc/title/46889